مكتبة جامعة عجلون الوطنية

فهرس بحث المكتبة

السلطات الدستورية لمجلس النواب الأردني (دراسة تحليلية) = Constitutional Powers of the Jordanian Parliament (An analyticalh study) (Record no. 33319)

MARC details
000 -LEADER
fixed length control field 00925nam a22001817a 4500
003 - CONTROL NUMBER IDENTIFIER
control field JO-AjAnu
005 - DATE AND TIME OF LATEST TRANSACTION
control field 20240605135031.0
008 - FIXED-LENGTH DATA ELEMENTS--GENERAL INFORMATION
fixed length control field 240323b jo ||||| |||| 00| 0 ara d
040 ## - CATALOGING SOURCE
Transcribing agency anu
100 ## - MAIN ENTRY--PERSONAL NAME
Personal name المومني، أحمد عامر أحمد
Relator term مؤلف
9 (RLIN) 65072
245 ## - TITLE STATEMENT
Title السلطات الدستورية لمجلس النواب الأردني (دراسة تحليلية) = Constitutional Powers of the Jordanian Parliament (An analyticalh study)
Statement of responsibility, etc. / اعداد أحمد عامر أحمد المومني ؛ اشراف زياد الوحشات
260 ## - PUBLICATION, DISTRIBUTION, ETC.
Date of publication, distribution, etc. 2023
300 ## - PHYSICAL DESCRIPTION
Extent 102 ورقة
500 ## - GENERAL NOTE
General note رسالة جامعية (ماجستير) - جامعة عجلون الوطنية تخصص القانون / كلية الحقوق، 2023
650 #0 - SUBJECT ADDED ENTRY--TOPICAL TERM
Form subdivision السلطة التشريعية - قوانين التشريعات - الاردن
700 ## - ADDED ENTRY--PERSONAL NAME
Personal name زياد الوحشات
Relator term مشرف
9 (RLIN) 65086
942 ## - ADDED ENTRY ELEMENTS (KOHA)
Source of classification or shelving scheme Library of Congress Classification
Koha item type Thesis
Suppress in OPAC No
Holdings
Withdrawn status Lost status Source of classification or shelving scheme Damaged status Not for loan Home library Current library Date acquired Total Checkouts Full call number Barcode Date last seen Price effective from Koha item type
    Library of Congress Classification     مكتبة جامعة عجلون الوطنية مكتبة جامعة عجلون الوطنية 23/03/2024   KMM251.6.2024 A29792 23/03/2024 23/03/2024 Thesis
    Library of Congress Classification     مكتبة جامعة عجلون الوطنية مكتبة جامعة عجلون الوطنية 23/03/2024   KMM251.6.2024 A29793 23/03/2024 23/03/2024 Thesis